[Event "Mondiale Lampo FIDE 2019"]
[Site "Mosca"]
[Date "30.12.2019"]
[Round "19.36"]
[White "Chigaev, Maksim"]
[Black "Bartel, Mateusz"]
[Result "1-0"]
[WhiteTitle "GM"]
[BlackTitle "GM"]
[WhiteElo "2631"]
[BlackElo "2634"]
[WhiteFideId "4108116"]
[BlackFideId "1112635"]
[EventDate "2019.12.29"]

1. e4 e6 2. Qe2 c5 3. g3 Nc6 4. c3 g6 5. Bg2 Bg7 6. Nf3 Nge7 7. O-O d5 8. d3 h6
9. a3 b6 10. exd5 Nxd5 11. Nbd2 Bb7 12. a4 O-O 13. Nc4 Qc7 14. h4 Rad8 15. Re1
Qb8 16. Bd2 Kh7 17. Qf1 Rd7 18. Rad1 Qa8 19. Bc1 Nf6 20. Bf4 Rfd8 21. Nfe5 Nxe5
22. Nxe5 Re7 23. Bxb7 Qxb7 24. Qg2 Nd5 25. Bc1 Rc8 26. Nc4 Rd8 27. Qe4 Nf6 28.
Qxb7 Rxb7 29. Ne5 Nd5 30. d4 cxd4 31. Rxd4 Rc8 32. Rde4 Kg8 33. Kg2 h5 34. Nf3
Rbc7 35. Bg5 Rc4 36. Rxc4 Rxc4 37. Ra1 Kf8 38. Nd2 Rc8 39. Ne4 Rc6 40. Kf1 Ke8
41. Ke2 Kd7 42. Bd2 f5 43. Ng5 e5 44. Nf3 e4 45. Ng5 Ke7 46. Nh3 Be5 47. Be1 Nc7
48. Ng5 Ne6 49. Nxe6 Kxe6 50. Bd2 Kd5 51. Rb1 Ke6 52. b3 Rd6 53. c4 Rd3 54. a5
bxa5 55. Bxa5 Bd4 56. Be1 Kd6 57. b4 Kc6 58. Rc1 Ra3 59. Rc2 Rb3 60. Bd2 Rf3 61.
Be1 Rb3 62. Ra2 Rb2+ 63. Rxb2 Bxb2 64. Ke3 Be5 65. Bd2 a6 66. Ke2 Bd4 67. Be1
Be5 68. Bd2 Bd4 69. Be1 Be5 70. Kd1 Bd4 71. Kc2 Be5 72. Kb3 f4 73. gxf4 Bxf4 74.
Ka4 g5 75. b5+ axb5+ 76. cxb5+ Kb7 77. hxg5 h4 78. g6 Be5 79. f4 exf3 80. Bxh4
Bd4 81. Kb4 Kb6 82. Kc4 Be5 83. Bf2+ Ka5 84. Kd5 Bg7 85. Kc6 Be5 86. b6 Ka6 87.
b7 Ka5 88. g7 1-0

[Event "Mondiale Lampo FIDE 2019"]
[Site "Mosca"]
[Date "30.12.2019"]
[Round "19.37"]
[White "Christiansen, Johan-Sebastian"]
[Black "Harsha, Bharathakoti"]
[Result "0-1"]
[WhiteTitle "GM"]
[BlackTitle "GM"]
[WhiteElo "2597"]
[BlackElo "2523"]
[WhiteFideId "1512668"]
[BlackFideId "5078776"]
[EventDate "2019.12.29"]

1. e4 c5 2. Nf3 Nc6 3. Nc3 d6 4. d4 cxd4 5. Nxd4 Nf6 6. Bg5 e6 7. Qd3 Bd7 8.
Ndb5 Nb4 9. Qd2 a6 10. Nd4 Rc8 11. Be2 Be7 12. Be3 Nc6 13. O-O O-O 14. h3 b5 15.
a3 Ne5 16. Qe1 Nc4 17. Bc1 Qb6 18. Nb3 Rfe8 19. Kh1 d5 20. Bd3 dxe4 21. Nxe4 Bc6
22. f3 Nxe4 23. Bxe4 Bxe4 24. Qxe4 Nd6 25. Qe2 Nf5 26. Qf2 Qc7 27. Re1 Bh4 28.
Qd2 Red8 29. Qb4 Bxe1 30. Qxe1 Qxc2 31. Bg5 Qxb3 32. Bxd8 Rxd8 33. Qa5 Rd1+ 34.
Kh2 h5 35. Rxd1 Qxd1 36. Qxa6 Qd6+ 37. Qxd6 Nxd6 38. Kg3 Nc4 0-1

[Event "Mondiale Lampo FIDE 2019"]
[Site "Mosca"]
[Date "30.12.2019"]
[Round "19.38"]
[White "Jumabayev, Rinat"]
[Black "Meier, Georg"]
[Result "1-0"]
[WhiteTitle "GM"]
[BlackTitle "GM"]
[WhiteElo "2646"]
[BlackElo "2626"]
[WhiteFideId "13702661"]
[BlackFideId "4675789"]
[EventDate "2019.12.29"]

1. c4 b6 2. e4 e5 3. Nf3 Nc6 4. d4 exd4 5. Nxd4 Nxd4 6. Qxd4 Qf6 7. Qxf6 Nxf6 8.
f3 Bb4+ 9. Kd1 Ba6 10. a3 Bd6 11. Nc3 Be5 12. Kc2 O-O-O 13. a4 Rhe8 14. a5 Bb7
15. Bd3 Kb8 16. Bd2 h6 17. h4 c6 18. Be3 Bc7 19. Bd4 Be5 20. Bf2 Bc7 21. axb6
axb6 22. Bd4 c5 23. Bxf6 gxf6 24. h5 Bc6 25. Nd5 Re6 26. Ra6 Bb7 27. Ra3 Rc8 28.
Ne3 Rh8 29. Nf5 Be5 30. Rh4 Ree8 31. Rg4 Reg8 32. Rxg8+ Rxg8 33. g4 Rh8 34. Kb1
Kc7 35. Bc2 Bf4 36. Ba4 Ra8 37. Kc2 Ra7 38. Kb3 Ra8 39. Ra1 b5 40. cxb5 d5 41.
Rd1 dxe4 42. fxe4 Bxe4 43. Re1 c4+ 44. Kxc4 Rxa4+ 45. Kb3 Bxf5 46. Kxa4 Be6 47.
Re4 Be5 48. b4 Bd5 49. Re3 Kb6 50. g5 hxg5 51. h6 Bf4 52. h7 Bxe3 53. h8=Q Kc7
54. Qf8 Be6 55. Qe7+ Kc8 56. Qxf6 Bf4 57. Qe7 g4 58. Qc5+ Kb8 59. Qd4 Bg3 60.
Qd8+ Kb7 61. Qe7+ Kb8 62. b6 Be5 63. Qc5 Bf4 64. Ka5 g3 65. Qf8+ Kb7 66. Qe7+
Kb8 67. Qa7+ Kc8 68. b7+ Kd8 69. b8=Q+ 1-0

[Event "Mondiale Lampo FIDE 2019"]
[Site "Mosca"]
[Date "30.12.2019"]
[Round "19.39"]
[White "Kamsky, Gata"]
[Black "Kobalia, Mikhail"]
[Result "1-0"]
[WhiteTitle "GM"]
[BlackTitle "GM"]
[WhiteElo "2677"]
[BlackElo "2609"]
[WhiteFideId "2000024"]
[BlackFideId "4119150"]
[EventDate "2019.12.29"]

1. e4 c6 2. d4 d5 3. exd5 cxd5 4. Bd3 Nc6 5. c3 g6 6. Nf3 Bf5 7. Bxf5 gxf5 8. h3
e6 9. g4 fxg4 10. hxg4 Qc7 11. Qd3 h6 12. Be3 O-O-O 13. Nbd2 Bd6 14. O-O-O Nf6
15. Rh4 h5 16. g5 Ng4 17. Rdh1 Bf4 18. Rxh5 Rxh5 19. Rxh5 Bxe3 20. fxe3 Nb4 21.
Qb5 Nc6 22. Qe2 e5 23. Rh4 f5 24. gxf6 Nxf6 25. dxe5 Nxe5 26. Nxe5 Qxe5 27. Nf3
Qd6 28. Qh2 Qxh2 29. Rxh2 Re8 30. Kd2 Ne4+ 31. Kd3 Nd6 32. Nd2 Kc7 33. Rh5 Kc6
34. b3 Nf7 35. Nf3 Rd8 36. Rh7 Nd6 37. Nd4+ Kb6 38. Rh6 1-0

[Event "Mondiale Lampo FIDE 2019"]
[Site "Mosca"]
[Date "30.12.2019"]
[Round "19.40"]
[White "Ponkratov, Pavel"]
[Black "Can, Emre"]
[Result "1-0"]
[WhiteTitle "GM"]
[BlackTitle "GM"]
[WhiteElo "2632"]
[BlackElo "2600"]
[WhiteFideId "4157800"]
[BlackFideId "6302181"]
[EventDate "2019.12.29"]

1. e4 c5 2. Nf3 d6 3. d4 cxd4 4. Nxd4 Nf6 5. Nc3 g6 6. Bg5 Bg7 7. Bb5+ Nbd7 8.
Qe2 a6 9. Bc4 Qa5 10. f4 b5 11. Bb3 b4 12. Nd5 Bb7 13. O-O-O Qc5 14. Bxf6 Nxf6
15. Ba4+ Kf8 16. Nb3 Qa7 17. Rhe1 Nxd5 18. exd5 Bf6 19. g4 h6 20. Kb1 Kg7 21.
Qf3 Rac8 22. Rf1 Rc7 23. g5 hxg5 24. fxg5 Bxg5 25. Qxf7+ Kh6 26. Rd3 Rc4 27. Be8
Rxe8 28. Rh3+ Rh4 29. Rxh4+ Bxh4 30. Qxe8 Bxd5 31. Qh8+ Kg5 32. Nd4 e5 33. Rg1+ 1-0

[Event "Mondiale Lampo FIDE 2019"]
[Site "Mosca"]
[Date "30.12.2019"]
[Round "19.41"]
[White "Drygalov, Sergey"]
[Black "Jakovenko, Dmitry"]
[Result "1-0"]
[WhiteTitle "IM"]
[BlackTitle "GM"]
[WhiteElo "2473"]
[BlackElo "2698"]
[WhiteFideId "24171743"]
[BlackFideId "4122356"]
[EventDate "2019.12.29"]

1. e4 e5 2. Nf3 Nc6 3. Bb5 a6 4. Ba4 Nf6 5. O-O Be7 6. Re1 b5 7. Bb3 O-O 8. d3
d6 9. c3 Na5 10. Bc2 c5 11. Nbd2 Be6 12. Nf1 Rc8 13. Ng3 Re8 14. h3 h6 15. d4
cxd4 16. cxd4 Qc7 17. Bd3 Bf8 18. d5 Bd7 19. b3 Nb7 20. b4 Ra8 21. Bd2 Rec8 22.
Rc1 Qd8 23. a3 Rxc1 24. Qxc1 Be7 25. Qb2 Nh7 26. Rc1 Rc8 27. Rc2 Ng5 28. Nxg5
Bxg5 29. Bxg5 hxg5 30. Qc1 Rxc2 31. Qxc2 Qb6 32. Qc1 f6 33. Be2 Nd8 34. Bg4 Bxg4
35. hxg4 g6 36. Qc8 Kg7 37. Qd7+ Nf7 38. Qc6 Qd4 39. Qxa6 Qd1+ 40. Nf1 Qxg4 41.
Qxb5 Qxe4 42. Qb7 f5 43. b5 Kf6 44. b6 1-0

[Event "Mondiale Lampo FIDE 2019"]
[Site "Mosca"]
[Date "30.12.2019"]
[Round "19.42"]
[White "Santos Ruiz, Miguel"]
[Black "Postny, Evgeny"]
[Result "0-1"]
[WhiteTitle "GM"]
[BlackTitle "GM"]
[WhiteElo "2585"]
[BlackElo "2605"]
[WhiteFideId "22291482"]
[BlackFideId "2804344"]
[EventDate "2019.12.29"]

1. e4 e5 2. Nf3 Nc6 3. Bc4 Nf6 4. d3 Bc5 5. c3 d6 6. O-O a5 7. Nbd2 h6 8. Re1
O-O 9. Nf1 Ba7 10. Ng3 Ne7 11. d4 Ng6 12. h3 Re8 13. Bd3 Bd7 14. Be3 a4 15. Qd2
a3 16. b3 Bb6 17. Rad1 Kh7 18. Bc2 Qc8 19. c4 Be6 20. c5 exd4 21. Bxd4 Bxc5 22.
Bxf6 gxf6 23. Nd4 Bxd4 24. Qxd4 Ra5 25. f4 Rg8 26. f5 Ne5 27. fxe6 Rxg3 28. Qf2
Rg6 29. b4 Ra8 30. exf7 Qxh3 31. Re3 Qh5 32. Rf1 Rf8 33. Bb3 Ng4 34. Qf4 Nxe3
35. Qxe3 Qg5 36. Qf3 Kg7 37. Rf2 Qc1+ 38. Kh2 Qg5 39. Qc3 Qe5+ 40. Qxe5 fxe5 41.
Rc2 c6 42. b5 cxb5 43. Rc7 b6 44. Rb7 Rf6 45. Rxb6 Rc8 46. Rxb5 Rxf7 47. Bxf7
Kxf7 48. Rb3 Rc4 49. Rf3+ Ke6 50. Rxa3 Rxe4 51. Ra8 Re2 52. a4 Ra2 53. a5 Kd5
54. Kg3 Kd4 55. a6 d5 56. a7 e4 57. Kf4 Rf2+ 58. Kg3 Rf7 59. Kh2 Ke3 60. Rd8
Rxa7 61. Rxd5 Ke2 62. g4 Kf3 63. Rd1 e3 64. Kg1 e2 65. Rb1 Ra3 0-1

[Event "Mondiale Lampo FIDE 2019"]
[Site "Mosca"]
[Date "30.12.2019"]
[Round "19.43"]
[White "Hansen, Eric"]
[Black "Vallejo Pons, Francisco"]
[Result "0-1"]
[WhiteTitle "GM"]
[BlackTitle "GM"]
[WhiteElo "2606"]
[BlackElo "2704"]
[WhiteFideId "2606771"]
[BlackFideId "2205530"]
[EventDate "2019.12.29"]

1. e4 e6 2. d4 d5 3. Nc3 Bb4 4. e5 c5 5. a3 Bxc3+ 6. bxc3 Qa5 7. Bd2 Qa4 8. Qb1
c4 9. h4 Ne7 10. h5 h6 11. Nf3 Nd7 12. Be2 Rg8 13. Nh4 Nb6 14. O-O Bd7 15. Bg4
O-O-O 16. Ra2 Rdf8 17. Re1 Qa5 18. Qd1 Na4 19. Ra1 a6 20. Qf3 Nc6 21. Qe3 Qd8
22. g3 Kb8 23. Rab1 Qe7 24. Kg2 Na7 25. f4 g6 26. Ra1 Nb5 27. Ra2 Rg7 28. hxg6
fxg6 29. Rh1 g5 30. fxg5 Rxg5 31. Bf3 Rfg8 32. Rh3 Qg7 33. Bd1 Be8 34. Qe1 Ka8
35. Ra1 Qf8 36. Rc1 Qxa3 37. g4 Bh5 38. Bxg5 hxg5 39. Nf3 Bxg4 40. Rg3 Qxc1 41.
Rxg4 Naxc3 42. Rxg5 Rxg5+ 0-1

[Event "Mondiale Lampo FIDE 2019"]
[Site "Mosca"]
[Date "30.12.2019"]
[Round "19.44"]
[White "Ivanisevic, Ivan"]
[Black "Aravindh, Chithambaram VR."]
[Result "0-1"]
[WhiteTitle "GM"]
[BlackTitle "GM"]
[WhiteElo "2593"]
[BlackElo "2605"]
[WhiteFideId "912417"]
[BlackFideId "5072786"]
[EventDate "2019.12.29"]

1. c4 c5 2. Nc3 Nc6 3. g3 g6 4. Bg2 Bg7 5. d3 e6 6. Bxc6 dxc6 7. f4 e5 8. Nf3
exf4 9. Bxf4 Ne7 10. Qd2 Bg4 11. Ng5 h6 12. Nge4 g5 13. Nd6+ Kf8 14. O-O gxf4
15. Qxf4 Be6 16. Nce4 Ng6 17. Qf2 Qe7 18. Kg2 Kg8 19. Nf5 Bxf5 20. Qxf5 b6 21.
Rab1 Qe6 22. Qh5 Rf8 23. Rf5 Ne7 24. Rf4 f5 25. Nd2 Ng6 26. Rf2 Ne5 27. h3 Qg6
28. Qxg6 Nxg6 29. Rbf1 Bxb2 30. Rxf5 Kg7 31. Ne4 Be5 32. a4 Rxf5 33. Rxf5 Rf8
34. Rh5 a5 35. h4 Bc7 36. Kh3 Rf1 37. Kg4 Ne5+ 38. Kh3 Kg6 39. g4 Nxg4 40. Ng3
Bxg3 41. Kxg4 Bd6 0-1

[Event "Mondiale Lampo FIDE 2019"]
[Site "Mosca"]
[Date "30.12.2019"]
[Round "19.45"]
[White "Gareyev, Timur"]
[Black "Sasikiran, Krishnan"]
[Result "1-0"]
[WhiteTitle "GM"]
[BlackTitle "GM"]
[WhiteElo "2598"]
[BlackElo "2656"]
[WhiteFideId "14200937"]
[BlackFideId "5004985"]
[EventDate "2019.12.29"]

1. Nf3 d5 2. c4 c6 3. e3 Nf6 4. Nc3 e6 5. b3 Bd6 6. Bb2 O-O 7. Be2 e5 8. cxd5
cxd5 9. Nb5 e4 10. Nfd4 Be5 11. Ne6 fxe6 12. Bxe5 Nc6 13. Bg3 e5 14. O-O a6 15.
Na3 Be6 16. f4 exf3 17. Bxf3 Ne4 18. Bxe4 dxe4 19. Rxf8+ Qxf8 20. Nc4 Bxc4 21.
bxc4 Rd8 22. Qg4 Rxd2 23. Rf1 Qe8 24. Qxe4 Qe6 25. h3 h6 26. Rb1 Rd7 27. Kh2 Rf7
28. a4 Rd7 29. c5 Rf7 30. Rd1 Rd7 31. Rf1 Rf7 32. Rd1 Rd7 33. Rb1 Rf7 34. Rd1
Rd7 35. Rf1 Qd5 36. Qg6 Rf7 37. Rxf7 Qxf7 38. Qd6 Qf6 39. Qc7 Qe7 40. Qxe7 Nxe7
41. Bxe5 Kf7 42. Kg3 Nc6 43. Bc3 g6 44. h4 h5 45. Kf4 Ke6 46. Kg5 Kf7 47. e4 Nd8
48. Kf4 Ne6+ 49. Ke5 Nxc5 50. a5 b5 51. Kd5 Ne6 52. Kc6 Ke7 53. Bb4+ Ke8 54. Kb6
Kd7 55. Kxa6 Kc6 56. Ka7 Kc7 57. a6 Nd4 58. Ba5+ Kc6 59. Kb8 Kd7 60. Kb7 Nc6 61.
a7 Nxa5+ 1-0

[Event "Mondiale Lampo FIDE 2019"]
[Site "Mosca"]
[Date "30.12.2019"]
[Round "19.46"]
[White "Perunovic, Milos"]
[Black "Kim, Alexey"]
[Result "0-1"]
[WhiteTitle "GM"]
[BlackTitle "GM"]
[WhiteElo "2589"]
[BlackElo "2464"]
[WhiteFideId "921629"]
[BlackFideId "4129776"]
[EventDate "2019.12.29"]

1. e4 c5 2. Nc3 Nc6 3. Bb5 g6 4. Bxc6 dxc6 5. d3 Bg7 6. f4 e5 7. fxe5 Bxe5 8.
Nf3 Bg7 9. Be3 b6 10. Qd2 Bg4 11. Rf1 Qd7 12. h3 Be6 13. O-O-O O-O-O 14. Ng5 Nf6
15. Nxe6 Qxe6 16. Bh6 Bxh6 17. Qxh6 Nd7 18. Qg7 Ne5 19. Rf6 Qe7 20. Rdf1 Rdf8
21. Qh6 Rd8 22. g4 Rd7 23. Nd1 c4 24. dxc4 Rhd8 25. Ne3 Qb4 26. a3 Qd2+ 27. Kb1
Kb7 28. R6f2 Qd4 29. Qf4 Nxc4 30. Nxc4 Qxc4 31. b3 Qc3 32. Ka2 f5 33. exf5 Rd1 0-1

[Event "Mondiale Lampo FIDE 2019"]
[Site "Mosca"]
[Date "30.12.2019"]
[Round "19.47"]
[White "Melkumyan, Hrant"]
[Black "Vavulin, Maxim"]
[Result "1-0"]
[WhiteTitle "GM"]
[BlackTitle "GM"]
[WhiteElo "2668"]
[BlackElo "2556"]
[WhiteFideId "13302485"]
[BlackFideId "4169530"]
[EventDate "2019.12.29"]

1. e4 g6 2. d4 Bg7 3. Nc3 a6 4. f4 b5 5. Nf3 d6 6. Bd3 Nd7 7. a4 b4 8. Ne2 c5 9.
c3 Bb7 10. O-O e6 11. f5 Ngf6 12. fxe6 fxe6 13. Ng5 Qe7 14. Nf4 Nf8 15. e5 dxe5
16. dxe5 N6d7 17. Be4 Bxe4 18. Nxe4 Bxe5 19. Qf3 O-O-O 20. Nd3 h6 21. Be3 c4 22.
Nec5 Nxc5 23. Nxe5 Qc7 24. Qa8+ 1-0

[Event "Mondiale Lampo FIDE 2019"]
[Site "Mosca"]
[Date "30.12.2019"]
[Round "19.48"]
[White "Smirin, Ilia"]
[Black "Frolyanov, Dmitry"]
[Result "1-0"]
[WhiteTitle "GM"]
[BlackTitle "GM"]
[WhiteElo "2607"]
[BlackElo "2556"]
[WhiteFideId "2801990"]
[BlackFideId "4151976"]
[EventDate "2019.12.29"]

1. b3 d5 2. Bb2 Bg4 3. Nf3 Nd7 4. g3 Ngf6 5. Bg2 c6 6. O-O e6 7. d3 Bd6 8. Nbd2
O-O 9. Qe1 a5 10. e4 e5 11. Nh4 Re8 12. h3 Bh5 13. Nf5 Bf8 14. a3 Nc5 15. Kh2
Qc7 16. f3 Bg6 17. Nh4 Ne6 18. Nxg6 hxg6 19. h4 a4 20. b4 c5 21. c3 d4 22. Rc1
dxc3 23. Rxc3 Qd7 24. Nc4 cxb4 25. Nxe5 Qb5 26. Rc1 bxa3 27. Ba1 Nc5 28. d4 Nb3
29. Rc7 Bd6 30. Rxf7 Bxe5 31. dxe5 Kxf7 32. exf6 gxf6 33. Qc3 Nxa1 34. Rxa1 Qb3
35. Qc7+ Re7 36. Qd6 a2 37. Qd2 a3 38. Rxa2 Rd8 39. Qf2 Rc7 40. e5 fxe5 41. Qe2
Qc3 42. Qe4 Kg7 43. h5 Rd6 44. hxg6 Rxg6 45. Bh3 Rh6 46. Kg2 Rd7 47. Bxd7 Qb3
48. Qxe5+ Kg8 49. Rf2 a2 50. Qg5+ Kf7 51. Re2 a1=Q 52. Qxh6 Qg7 53. Be6+ 1-0

[Event "Mondiale Lampo FIDE 2019"]
[Site "Mosca"]
[Date "30.12.2019"]
[Round "19.49"]
[White "Vishnu Prasanna, V"]
[Black "Popov, Ivan RUS"]
[Result "0-1"]
[WhiteTitle "GM"]
[BlackTitle "GM"]
[WhiteElo "2493"]
[BlackElo "2636"]
[WhiteFideId "5030692"]
[BlackFideId "4170350"]
[EventDate "2019.12.29"]

1. d4 d5 2. c4 dxc4 3. Nf3 c5 4. e4 cxd4 5. Bxc4 Nc6 6. O-O e6 7. Qe2 Nf6 8. e5
Nd7 9. Rd1 Qc7 10. Bf4 Nb6 11. Bb3 Be7 12. Nbd2 Nd5 13. Bg3 O-O 14. Ne4 Rd8 15.
Nxd4 Qb6 16. Nxc6 bxc6 17. Qg4 Ba6 18. h4 Nb4 19. Bf4 Bd3 20. Bh6 Bf8 21. Nd6
Bg6 22. Be3 Qa5 23. h5 Qxe5 24. hxg6 Bxd6 25. gxf7+ Kxf7 26. g3 h5 27. Qf3+ Kg8
28. Bf4 Qf6 29. Qe2 Bxf4 30. Qxe6+ Qxe6 31. Bxe6+ Kf8 32. gxf4 Ke7 33. Bc4 Rxd1+
34. Rxd1 Rd8 35. Re1+ Kf6 36. Re6+ Kf5 37. Re5+ Kxf4 38. Rxh5 Rd2 39. Rh4+ Kg5
40. Rh3 Rxb2 41. Rg3+ Kf6 42. Rf3+ Ke5 43. Rf7 a5 44. Rxg7 Kd4 45. Bg8 Nxa2 46.
Rg4+ Kc5 47. Ra4 Nc3 48. Rxa5+ Kd4 49. Rg5 c5 50. Rg4+ Kd3 51. Rg3+ Kd2 52. Bc4
Rb4 53. Bf1 Rd4 54. Kg2 c4 55. Rg8 Ne2 56. Bxe2 Kxe2 57. Kg3 c3 58. Rc8 Kd3 59.
f4 Rc4 60. Rd8+ Ke2 61. Re8+ Kf1 62. Ra8 c2 63. Ra1+ c1=Q 64. Rxc1+ Rxc1 65. Kf3
Rc4 66. Kg4 Ke2 67. Kg5 Ke3 68. f5 Ke4 69. f6 Ke5 70. f7 Rf4 71. Kg6 0-1

[Event "Mondiale Lampo FIDE 2019"]
[Site "Mosca"]
[Date "30.12.2019"]
[Round "19.50"]
[White "Esipenko, Andrey"]
[Black "Kazakouski, Valery"]
[Result "0-1"]
[WhiteTitle "GM"]
[BlackTitle "IM"]
[WhiteElo "2642"]
[BlackElo "2485"]
[WhiteFideId "24175439"]
[BlackFideId "13507443"]
[EventDate "2019.12.29"]

1. d4 Nf6 2. c4 e6 3. Nf3 d5 4. g3 Be7 5. Bg2 O-O 6. O-O c6 7. Qc2 b6 8. b3 a5
9. Bb2 a4 10. Ne5 axb3 11. axb3 Rxa1 12. Bxa1 Nfd7 13. Nd3 Nf6 14. Ne5 Nfd7 15.
Nxd7 Qxd7 16. e4 Bb7 17. Nc3 Na6 18. Rd1 Nb4 19. Qe2 Ra8 20. Bb2 h6 21. h4 dxc4
22. bxc4 Na2 23. Nb1 Nb4 24. Nc3 Na2 25. d5 Nxc3 26. Bxc3 exd5 27. exd5 cxd5 28.
cxd5 Bd6 29. Qb2 Bc5 30. Bxg7 Qg4 31. Bd4 Qxd1+ 0-1

[Event "Mondiale Lampo FIDE 2019"]
[Site "Mosca"]
[Date "30.12.2019"]
[Round "19.51"]
[White "Sadhwani, Raunak"]
[Black "Utegaliyev, Azamat"]
[Result "0-1"]
[WhiteTitle "IM"]
[WhiteElo "2507"]
[BlackElo "2502"]
[WhiteFideId "35093487"]
[BlackFideId "13702467"]
[EventDate "2019.12.29"]

1. d4 Nf6 2. Nc3 g6 3. e4 d6 4. Bf4 Bg7 5. Qd2 Nc6 6. d5 Ne5 7. Bxe5 dxe5 8.
Bb5+ Nd7 9. Nf3 a6 10. Be2 O-O 11. h4 Nf6 12. O-O-O Ng4 13. Qe1 h5 14. Ng5 b5
15. Bxg4 Bxg4 16. f3 Bc8 17. Kb1 Qd6 18. Qg1 Qb6 19. Qh2 f6 20. Nh3 a5 21. Rdg1
b4 22. Na4 Qe3 23. Re1 Qd2 24. Rd1 Qe3 25. Rd3 Qa7 26. Qg1 Qb8 27. g4 hxg4 28.
fxg4 Qb5 29. Nc5 a4 30. g5 f5 31. h5 fxe4 32. Nxe4 Bf5 33. Nhf2 b3 34. h6 bxc2+
35. Kc1 Rab8 36. b3 Bxe4 37. hxg7 Kxg7 38. Qh2 Kf7 39. Nxe4 Qxd3 40. Qxe5 Ke8
41. Qxc7 Rf1+ 42. Rxf1 Qxf1+ 43. Kxc2 Qe2+ 44. Kc1 Qe3+ 45. Kb2 a3+ 46. Kxa3
Ra8+ 47. Kb2 Qe2+ 48. Kc3 Qe3+ 49. Kb2 Qe2+ 50. Kc3 Rxa2 51. Qc8+ Kf7 52. Qe6+
Kf8 53. d6 Qe1+ 54. Kd4 Qd1+ 55. Kc5 Qc2+ 56. Kb6 exd6 57. Qf6+ Ke8 58. Qxg6+
Kf8 59. Qxd6+ Kg7 60. Qf6+ Kg8 61. Qg6+ Kf8 62. Qf6+ Kg8 63. g6 Qxb3+ 64. Kc5
Ra5+ 65. Kd4 Rd5# 0-1

[Event "Mondiale Lampo FIDE 2019"]
[Site "Mosca"]
[Date "30.12.2019"]
[Round "19.52"]
[White "Kezin, Roman"]
[Black "Antipov, Mikhail Al."]
[Result "0-1"]
[WhiteTitle "IM"]
[BlackTitle "GM"]
[WhiteElo "2470"]
[BlackElo "2549"]
[WhiteFideId "24124621"]
[BlackFideId "4107012"]
[EventDate "2019.12.29"]

1. d4 Nf6 2. c4 g6 3. Nc3 d5 4. cxd5 Nxd5 5. e4 Nxc3 6. bxc3 Bg7 7. Nf3 c5 8.
Be3 Bg4 9. Rc1 O-O 10. d5 Bxf3 11. gxf3 Nd7 12. c4 a6 13. f4 e5 14. fxe5 Bxe5
15. h4 Bf6 16. h5 Bg5 17. f4 Bh4+ 18. Ke2 Re8 19. Bg2 Nf6 20. Rxh4 Nxe4 21. Rh3
Nd6 22. Kf2 Qd7 23. hxg6 fxg6 24. Qd3 Re7 25. Rch1 Rf8 26. Bc1 Nf5 27. Bd2 Nd4
28. Bf1 Qg4 29. Qg3 Re2+ 30. Bxe2 Qxe2+ 31. Kg1 Qxd2 32. Qe3 Qd1+ 33. Kf2 Qc2+
34. Kf1 Qb1+ 35. Kf2 Qxa2+ 36. Kf1 Qxc4+ 37. Kg1 Ne2+ 38. Kh2 Nxf4 39. Rf3 Qc2+
40. Rf2 Qf5 41. Rhf1 Qh5+ 42. Kg1 Qg4+ 43. Kh2 Qh4+ 44. Kg1 Qg5+ 45. Kh2 Qh4+
46. Kg1 Nh3+ 47. Qxh3 Qxh3 48. Rxf8+ Kg7 49. R8f7+ Kh6 50. R7f3 Qg4+ 51. Kh2 Qd4
52. Rf7 Qxd5 53. R7f4 b5 0-1

[Event "Mondiale Lampo FIDE 2019"]
[Site "Mosca"]
[Date "30.12.2019"]
[Round "19.53"]
[White "Sanal, Vahap"]
[Black "Atabayev, Maksat"]
[Result "1-0"]
[WhiteTitle "GM"]
[BlackTitle "GM"]
[WhiteElo "2549"]
[BlackElo "2475"]
[WhiteFideId "6300545"]
[BlackFideId "14001101"]
[EventDate "2019.12.29"]

1. e4 c5 2. Nc3 Nc6 3. Nge2 g6 4. d4 cxd4 5. Nxd4 Bg7 6. Be3 Nf6 7. Bc4 Qa5 8.
O-O O-O 9. Bb3 d6 10. h3 Bd7 11. Re1 Nxd4 12. Bxd4 Bc6 13. Nd5 Bxd5 14. exd5
Rfe8 15. c3 a6 16. Qf3 Nd7 17. Rad1 Qc7 18. h4 Bxd4 19. Rxd4 Nf6 20. a4 Kg7 21.
Rc4 Qa5 22. Rb4 Rab8 23. h5 Nxh5 24. Rh4 Nf6 25. g4 h6 26. Kg2 Qb6 27. Qd1 Qc7
28. Qd2 Rh8 29. f3 Rbe8 30. Reh1 g5 31. R4h2 Qc5 32. Re1 Nd7 33. f4 f6 34. Bc2
gxf4 35. b4 Qc4 36. Re4 f3+ 37. Kf2 Qc7 38. Qd3 Ne5 39. Rxe5 dxe5 40. Qg6+ Kf8
41. Bf5 Qxc3 42. Be6 Qd2+ 43. Kg3 Qe1+ 44. Kh3 Qf1+ 45. Kh4 Qe1+ 46. Kh5 1-0

[Event "Mondiale Lampo FIDE 2019"]
[Site "Mosca"]
[Date "30.12.2019"]
[Round "19.54"]
[White "Laznicka, Viktor"]
[Black "Baron, Tal"]
[Result "1-0"]
[WhiteTitle "GM"]
[BlackTitle "GM"]
[WhiteElo "2648"]
[BlackElo "2541"]
[WhiteFideId "316385"]
[BlackFideId "2809958"]
[EventDate "2019.12.29"]

1. d4 Nf6 2. Nf3 g6 3. g3 d5 4. Bg2 Nbd7 5. O-O Bg7 6. c4 dxc4 7. a4 a5 8. Na3
Nb6 9. Ne5 O-O 10. e4 Ne8 11. Be3 Nd6 12. Qc2 Be6 13. f4 c6 14. Rad1 f6 15. Nf3
f5 16. Ng5 Qc8 17. Nxe6 Qxe6 18. e5 Ne4 19. Rc1 Nd5 20. Rfe1 c3 21. Bxe4 Nxe3
22. Qxc3 Nd5 23. Bxd5 cxd5 24. Nb5 Rfc8 25. Nc7 Qd7 26. Qc5 e6 27. Qb6 Bf8 28.
Nxa8 Rxa8 29. Rc7 Qe8 30. Rec1 Ra6 31. Qxb7 Qxa4 32. Qxa6 Qxd4+ 33. Kg2 Qe4+ 1-0

[Event "Mondiale Lampo FIDE 2019"]
[Site "Mosca"]
[Date "30.12.2019"]
[Round "19.55"]
[White "Petrosyan, Manuel"]
[Black "Iljiushenok, Ilia"]
[Result "0-1"]
[WhiteTitle "GM"]
[BlackTitle "GM"]
[WhiteElo "2613"]
[BlackElo "2521"]
[WhiteFideId "13300857"]
[BlackFideId "24105074"]
[EventDate "2019.12.29"]

1. c4 Nf6 2. Nc3 e5 3. Nf3 Nc6 4. e3 Be7 5. Qc2 O-O 6. a3 a5 7. Nd5 d6 8. Ng5 g6
9. h4 Bf5 10. Bd3 Bxd3 11. Qxd3 Nxd5 12. cxd5 Nb8 13. Nf3 f5 14. Qc2 Nd7 15. d3
Nf6 16. e4 f4 17. Ng5 Qd7 18. Qb3 Rab8 19. Bd2 a4 20. Qc4 Kh8 21. Rc1 Rfc8 22.
d4 c6 23. Qxa4 Qg4 24. dxe5 dxe5 25. d6 Qxg2 26. Ke2 f3+ 27. Kd3 Rd8 28. Be3
Rxd6+ 29. Kc2 Qg4 30. Nf7+ Kg7 31. Nxd6 Bxd6 32. Rcd1 Qxe4+ 33. Qxe4 Nxe4 34. h5
g5 35. Bxg5 Nxf2 36. Rxd6 Nxh1 37. Rd7+ Kg8 38. Kd3 f2 39. Ke2 Ng3+ 40. Kxf2
Ne4+ 41. Kf3 Nxg5+ 42. Kg4 Nf7 43. Kf5 Rf8 44. Ke4 b5 45. Rc7 Rd8 46. Rxc6 Rd4+
47. Ke3 Nd6 48. Rc7 Nc4+ 49. Kf3 h6 50. Rb7 Nd6 51. Re7 Rf4+ 52. Ke2 e4 53. b3
Nf5 54. Rd7 Rf3 55. a4 Rxb3 56. axb5 Rxb5 57. Ra7 Rb2+ 58. Ke1 e3 59. Kd1 Nd4
60. Kc1 Rc2+ 61. Kb1 e2 62. Re7 Rd2 0-1